| 000 | 00365nam a2200121Ia 4500 | ||
|---|---|---|---|
| 008 | 250110s9999 xx 000 0 und d | ||
| 041 | _aeng | ||
| 100 |
_aPote Rutuja _9182368 |
||
| 245 | _aLandscape Development Proposal For Rural Tourism At Shiswad Village | ||
| 260 |
_bM Arch Landscape, Pune _c2012 |
||
| 300 | _a55p | ||
| 700 |
_aGuide Name:Madkaikar Ajit _9210038 |
||
| 999 |
_c363231 _d363231 |
||